| 000 | 00901nam a22002771 4500 | ||
|---|---|---|---|
| 001 | 20242 | ||
| 003 | CZ PrNK | ||
| 005 | 20260120105005.0 | ||
| 007 | ta | ||
| 008 | 020419s1973 xo a 001 slo | ||
| 020 |
_q(Váz.) : _cKčs 30,00 |
||
| 040 |
_aABA001 _bcze _cABA001 _dABA001 |
||
| 080 |
_a635.931(083.71:084.1)=854 _2undef |
||
| 100 | 1 |
_aKrejča, Jindřich, _d1920-1991 _4ill |
|
| 245 | 1 | 0 |
_aLetničky : _bfarebný atlas najkrajších jednoročných a dvojročných kvetín / _cJindřich Krejča, Július Klimo |
| 250 | _a1. vyd. | ||
| 260 |
_aBratislava : _bPríroda, _c1973 |
||
| 300 |
_a148 s. : _bbarev. il. ; _c21 cm |
||
| 490 | 1 | _aRastlinná výroba. Knižnica pol'nohospodára | |
| 500 | _aObsahuje rejstřík | ||
| 500 | _a15000 výt. | ||
| 700 | 1 |
_aKlimo, Július _4aut |
|
| 830 | 0 |
_aRastlinná výroba. _pKnižnica pol'nohospodára |
|
| 910 | _aABA001 | ||
| 942 |
_2ddc _cOLDO _n0 |
||
| 999 |
_c20242 _d20242 |
||